000 01121nam a22002777a 4500
001 6721
003 FISKH
005 20250820110117.0
008 250522b cb ||||| |||| 00| 0 eng d
020 _a087577919225
040 _aFISKH
_beng
_cFISKH
_dFISKH784.192 LCC ML460.D56
050 _aML460.D56
082 _a784.192
100 _aDomnauer, Teresa
245 _aTweet, oompa, bumpety-boom!
_cby Teresa Domnauer
260 _aColumbus :
_bSchool Specialty Publishing,
_c2000.
300 _a32 pages :
_bcolor illustrations ;
_c23 cm
490 _aPolooza Readers
_v2
505 _aE
520 _aWhat is that strum-strumming sound? Discover how each musical instrument––and its musical “family”––is unique in shape and sound! John Lithgow is dedicated to introducing developing readers to the wonderful worlds of arts and literacy. Turn the page and join his character, Farkle McBride, on a fascinating, fun reading adventure!
521 8 _a160
_bLexile estimate
521 8 _aE
_bRaz-Plus
650 _aMusical Instruments
_vNon-fiction
942 _2ddc
_cBK
_n0
999 _c6721
_d6721